000 00653nam a2200229 i 4500
001 bgj
100 1 _aMIRZA, Heidi Safia
245 1 0 _aYoung, female and black /
_cHeidi Safia Mirza.
250 _areprint.
260 _aLondon :
_bRoutledge,
_c1993
_aNew York.
300 _a241 pp ;
_c22 cm.
504 _aBibliography p.206-230.
505 _aIncludes name index and subject index.
650 9 _aWomen, Black
_xSocial Conditions
_zGreat Britain
651 9 _aGreat Britain
_xRace relations
020 _a0415067057
040 _cBPK
041 0 _aeng
920 _a0-415-06705-7
942 _cKS
008 s uk f |000 0 eng
999 _c49272
_d49272
856 _uhttp://koha.tu.koszalin.pl/cgi-bin/koha/opac-detail.pl?biblionumber=49272
_yKatalog online BPK